| 000 | 00827nam a22002297a 4500 | ||
|---|---|---|---|
| 003 | OSt | ||
| 005 | 20150408114116.0 | ||
| 008 | 130205s 2012jo ||||fr|||| 00| 0 ara d | ||
| 020 | _a9789957065294 | ||
| 040 | _aMa-un | ||
| 082 |
_221 _a371.926 _bو ر ص |
||
| 100 |
_aالوقفي، راضي _920814 |
||
| 245 |
_aصعوبات التعلم : _bالنظري والتطبيقي / _cراضي الوقفي. |
||
| 250 | _aط. 3 | ||
| 260 |
_aعمان، الأردن : _bدار المسيرة، _c2012 1433. |
||
| 300 |
_a587 ص. : _bإيض. ؛ _c24 سم. |
||
| 504 | _aيشتمل على ببليوجرافية. | ||
| 650 |
_99990 _aصعوبات التعلم |
||
| 650 |
_912643 _aذو صعوبات التعلم _xتعليم (طفولة مبكرة) |
||
| 650 |
_912407 _aالفئات الخاصة _xتعليم. |
||
| 942 |
_2ddc _cBOOK |
||
| 999 |
_c27643 _d262143 |
||